书目信息 |
| 题名: |
当代美学视域下的当代建筑形式探索
|
|
| 作者: | 周旋 , 沈学美 主编 | |
| 分册: | ||
| 出版信息: | 北京 北京工业大学出版社 2018.12 |
|
| 页数: | 196页 | |
| 开本: | 24cm | |
| 丛书名: | ||
| 单 册: | ||
| 中图分类: | TU-0 | |
| 科图分类: | ||
| 主题词: | 建筑形式--jian zhu xing shi--研究 | |
| 电子资源: | ||
| ISBN: | 978-7-5639-6566-3 | |
| 000 | 01067nam0 2200253 450 | |
| 001 | CAL 0120162051343 | |
| 005 | 20210811092153.7 | |
| 010 | @a978-7-5639-6566-3@dCNY59.80 | |
| 100 | @a20210809d2018 em y0chiy0120 ea | |
| 101 | 0 | @achi |
| 102 | @aCN@b110000 | |
| 105 | @ay a 000yy | |
| 106 | @ar | |
| 200 | 1 | @a当代美学视域下的当代建筑形式探索@Adang dai mei xue shi yu xia de dang dai jian zhu xing shi tan suo@f主编周旋, 沈学美 |
| 210 | @a北京@c北京工业大学出版社@d2018.12 | |
| 215 | @a196页@d24cm | |
| 320 | @a有书目 (第195-196页) | |
| 330 | @a本书共七章, 第一章从理论的角度分别概述了美学与建筑 ; 第二章讲述了建筑形式与建筑的美学表现形态 ; 第三章讲述了中西方建筑的美学比较 ; 第四章讲述了中国传统建筑美学的传承与发展 ; 第五章讲述了当代建筑环境美学 ; 第六章讲述了当代建筑形式的审美困境与突破 ; 第七章讲述了美学视域下的城市景观设计。 | |
| 606 | 0 | @a建筑形式@Ajian zhu xing shi@x研究 |
| 690 | @aTU-0@v5 | |
| 701 | 0 | @a周旋@Azhou xuan@4主编 |
| 701 | 0 | @a沈学美@Ashen xue mei@4主编 |
| 801 | 0 | @aCN@b人天书店@c20210809 |
| 905 | @aTSG@b0000802@dTU-0@eZ805@f2 | |
| 当代美学视域下的当代建筑形式探索/主编周旋, 沈学美.-北京:北京工业大学出版社,2018.12 |
| 196页;24cm |
| ISBN 978-7-5639-6566-3:CNY59.80 |
| 本书共七章, 第一章从理论的角度分别概述了美学与建筑 ; 第二章讲述了建筑形式与建筑的美学表现形态 ; 第三章讲述了中西方建筑的美学比较 ; 第四章讲述了中国传统建筑美学的传承与发展 ; 第五章讲述了当代建筑环境美学 ; 第六章讲述了当代建筑形式的审美困境与突破 ; 第七章讲述了美学视域下的城市景观设计。 |
| ● |
| 相关链接 |
|
|
|
正题名:当代美学视域下的当代建筑形式探索
索取号:TU-0/Z805
 
预约/预借
| 序号 | 登录号 | 条形码 | 馆藏地/架位号 | 状态 | 备注 |
| 1 | 1531274 | 215312748 | 建筑库101/101建筑库 2排4列5层/ [索取号:TU-0/Z805] | 在馆 | |
| 2 | 1531275 | 215312757 | 建筑库101/101建筑库 2排4列5层/ [索取号:TU-0/Z805] | 在馆 |